Statistics for NCS most popular music

Click here to take the quiz!

General Stats

  • This quiz has been taken 136 times
  • The average score is 12 of 20

Answer Stats

ClueViewsMusic% Correct
Alan Walker409MFade
91%
Cartoon347MOn & On
85%
Alan Walker261MSpectre
76%
Disfigure183MBlank
71%
Janji190MHeroes Tonight
68%
DEAF KEV221MInvincible
67%
Different Heaven & EH!DE214MMy Heart
64%
Warriyo119MMortals
60%
Itro & Tobu102MCloud 9
59%
Sub Urban79MCradles
59%
Cartoon144MWhy We Lose
59%
Elektronmia155MSky High
55%
Spektrem117MShine
53%
Tobu134MHope
52%
Electro-Light163MSymbolism
48%
Unknown Brain76MSuperhero
47%
Alan Walker110MForce
46%
Syn Cole82MFeel Good
45%
Different Heaven65MNekozilla
45%
Tobu66MInfectious
38%

Score Distribution

Percentile by Number Answered

Percent of People with Each Score

Your Score History

You have not taken this quiz